000 00768cam a2200133 4500500
005 20260405085514.0
041 _afre
042 _adc
100 1 0 _aBilheran, Ariane
_eauthor
245 0 0 _aTous des harcelés ? : Éléments de réponse
260 _bArmand Colin,
_c2010.
520 _aCet essai livre une vision inédite du harcèlement en tant que révélateur de dérives pernicieuses qu’engendre une société en perte de repères, d’autorité et du sens de la responsabilité. Il est préparé par la fragilisation des existences individuelles et la mise à mal du lien collectif, au sein d’un système où tout le monde devient victime.
856 4 1 _uhttps://shs.cairn.info/tous-des-harceles--9782200248628?lang=fr&redirect-ssocas=7080
999 _c2198123
_d2198123